UNLP riadi bývalý cirkevný ekonóm minister očakáva entuziazmus a nový štýl

Bibliographic Details
Main Author: Jabrik, Peter (Author)
Format: Article
Language:Slovak
PhysicalDescription:Fotografie
ISSN:2585-7355
Subjects:
Online Access:https://kosice.korzar.sme.sk/c/22406993/kosickej-nemocnici-sefuje-byvaly-diecezny-ekonom.html

MARC

LEADER 00000nab a2200000u 4500
001 vtls011989932
003 SK-MaSNL
005 20260303210805.0
008 200828|20200519xo ||||||| || ||slo|
038 |a KEVKJB 
040 |a KEVKJB  |b slo  |e rda 
041 0 |a slo 
043 |a e-xo--- 
044 |a xo  |c SK 
072 7 |a 614  |x Verejné zdravie a hygiena  |2 konspekt 
080 |a 614.2:725.511  |2 2011 
100 1 |a Jabrik, Peter  |4 aut  |9 879309 
245 1 0 |a UNLP riadi bývalý cirkevný ekonóm  |b minister očakáva entuziazmus a nový štýl  |c Peter Jabrik 
300 |b Fotografie 
336 |a text  |b txt  |2 rdacontent 
337 |a bez média  |b n  |2 rdamedia 
338 |a zväzok  |b nc  |2 rdacarrier 
610 2 7 |a Univerzitná nemocnica L. Pasteura Košice  |2 SNKKAnba  |9 155401 
650 0 7 |a vedúci pracovníci  |2 SNKPH  |9 59720 
650 0 7 |a nemocnice  |2 SNKPH  |9 3008 
651 7 |a Košice (Slovensko)  |2 SNKPHgeo  |9 18694 
773 0 |t Korzár  |g Roč. XXIII., č. 114 (19.5.2020),s . 4  |x 2585-7355 
852 |a KEVKJB  |b KIS3GCP 
856 4 1 |u https://kosice.korzar.sme.sk/c/22406993/kosickej-nemocnici-sefuje-byvaly-diecezny-ekonom.html 
958 |a MI 
999 |c 2201741  |d 2203671